| 000 | 00400nam a2200169Ia 4500 | ||
|---|---|---|---|
| 005 | 20250509053107.0 | ||
| 008 | 240331s9999 xx 000 0 und d | ||
| 020 | _a8189359061 | ||
| 082 |
_bMAI _a891 |
||
| 100 | _aMaithri, M | ||
| 245 | 0 | _aVitutalaiyai ezututal | |
| 260 |
_aNagercoil _bKalachuvadu Pathippagam _c2004 |
||
| 300 | _a136 p ., | ||
| 650 | _aArticles | ||
| 650 | _aEssays | ||
| 942 | _cL | ||
| 999 |
_c4376 _d4376 |
||